000 00397nam a2200157 a 4500
005 20140310183203.0
008 030423s19uu xx 00 eng d
050 _aPZ 3
_b.H875 1969
100 _aHugo, Victor
245 _aNotre-Dame De Paris /
_cVictor Hugo.
260 _aParis ;
_bHatier,
_c1969.
300 _a126 p. :
_c16 cm.
650 _aClasssics
942 _cBK
_2lcc
999 _c19920
_d19920